|
|
|
|
| LEADER |
01386nam a2200361 a 4500 |
| 001 |
38095 |
| 003 |
BD-DhAAL |
| 005 |
20220313102338.0 |
| 008 |
220313t2001 dcu b i000 0 eng d |
| 999 |
|
|
|c 43748
|d 43748
|
| 010 |
|
|
|a 2001275835
|
| 020 |
|
|
|a 1557759723
|
| 035 |
|
|
|a (OCoLC)ocm46850306
|
| 040 |
|
|
|a DJB
|c DJB
|d DLC
|d BD-DhAAL
|
| 042 |
|
|
|a lccopycat
|
| 050 |
0 |
0 |
|a K1066
|b .A97 2001
|
| 082 |
|
|
|2 23
|a 346.082
|
| 100 |
1 |
|
|a Asser, T. M. C.
|q (Tobias Michael Carel),
|d 1935-
|9 46797
|
| 245 |
1 |
0 |
|a Legal aspects of regulatory treatment of banks in distress /
|c Tobias M.C. Asser.
|
| 260 |
|
|
|a Washington, D.C. :
|b International Monetary Fund,
|c c2001.
|
| 300 |
|
|
|a vii, 186 pages ;
|c 23 cm.
|
| 504 |
|
|
|a Includes bibliographical references.
|
| 541 |
|
|
|a Donated by Akbar Ali Khan
|e 38095
|
| 650 |
|
0 |
|a Banking law.
|9 46798
|
| 650 |
|
0 |
|a Bank failures
|x Law and legislation.
|9 46799
|
| 650 |
|
0 |
|a Banks and banking.
|9 46800
|
| 650 |
|
0 |
|a Finance
|x Law and legislation
|9 46801
|
| 650 |
|
0 |
|a Banks and banking
|x State supervision.
|9 46802
|
| 650 |
|
0 |
|a Bankruptcy.
|9 46803
|
| 710 |
2 |
|
|a International Monetary Fund.
|9 46804
|
| 852 |
|
|
|a Ayesha Abed Library
|c Akbar Ali Khan Collection
|
| 942 |
|
|
|2 ddc
|c BK
|
| 952 |
|
|
|0 0
|1 0
|2 ddc
|4 0
|6 346_082000000000000_ASS
|7 1
|9 70099
|a BRACUL
|b BRACUL
|c AAKC
|d 2022-03-13
|e Donated by Akbar Ali Khan
|l 0
|o 346.082 ASS
|p 3010038095
|r 2022-03-13
|t 1
|w 2022-03-13
|y BK
|